Asamiya kabitar adhyayan (Record no. 9106)

MARC details
000 -LEADER
fixed length control field 00517cam a2200205ua 4500
008 - FIXED-LENGTH DATA ELEMENTS--GENERAL INFORMATION
fixed length control field 170330n ii |||gr||||Z||||||asm
020 ## - INTERNATIONAL STANDARD BOOK NUMBER
International Standard Book Number 9789382030430
040 ## - CATALOGING SOURCE
Transcribing agency MAIN
041 ## - LANGUAGE CODE
-- asm
082 ## - DEWEY DECIMAL CLASSIFICATION NUMBER
Classification number 891.4511
100 ## - MAIN ENTRY--PERSONAL NAME
Personal name Bora, Niharika,
Relator term
245 ## - TITLE STATEMENT
Title Asamiya kabitar adhyayan
Statement of responsibility, etc. Ed. by Niharika Bora and Pranjal Saikia
250 ## - EDITION STATEMENT
Edition statement 1st ed.
260 ## - PUBLICATION, DISTRIBUTION, ETC.
Place of publication, distribution, etc. Jorhat:
Name of publisher, distributor, etc. Unika,
Date of publication, distribution, etc. 2013.
300 ## - PHYSICAL DESCRIPTION
Extent 168p.
700 ## - ADDED ENTRY--PERSONAL NAME
Personal name Saikia, Pranjal,
Relator term
942 ## - ADDED ENTRY ELEMENTS (KOHA)
Koha item type Books
653 ## - INDEX TERM--UNCONTROLLED
Uncontrolled term Assamese poem
Holdings
Withdrawn status Lost status Damaged status Not for loan Home library Current library Shelving location Date acquired Total Checkouts Full call number Barcode Date last seen Date last checked out Copy number Price effective from Koha item type
        Central Library, Naharkatiya College Central Library, Naharkatiya College General Stacks 19/09/2020 4 891.4511Assamese poem | ASA 23722 21/03/2022 02/03/2022 3 19/09/2020 Books
        Central Library, Naharkatiya College Central Library, Naharkatiya College General Stacks 19/09/2020 3 891.4511Assamese poem | ASA 23723 09/12/2022 07/12/2022 2 19/09/2020 Books
        Central Library, Naharkatiya College Central Library, Naharkatiya College General Stacks 19/09/2020 8 891.4511Assamese poem | ASA 23724 16/02/2026 04/02/2026 1 19/09/2020 Books

Naharkatiya College © 2020. All rights reserved.

Powered By